[Event "Challenge"]
[Site "http://www.queenalice.com/game.php?id=304815"]
[Date "2007.11.16"]
[Round "-"]
[White "amaralch7"]
[Black "marjaleta"]
[Result "0-1"]
[WhiteElo "1249"]
[BlackElo "1600"]

1. e4 d6 2. d4 g6 3. Bb5+ c6 4. Bc4 b5 5. Bxf7+ Kxf7 6. d5 c5 7. Nc3 a6 8. Qf3+
Nf6 9. Nh3 Bxh3 10. Qxh3 Ke8 11. g4 Bg7 12. f3 Nbd7 13. Bf4 Ne5 14. Bxe5 dxe5
15. Qg3 Qd6 16. O-O-O c4 17. h4 Nd7 18. g5 Nc5 19. h5 Na4 20. Nxa4 bxa4 21. a3
h6 22. hxg6 Qxg6 23. gxh6 Bxh6+ 24. Kb1 Qxg3 25. d6 Kd7 26. Rhg1 Qxf3 27. Rgf1
Qh5 0-1

[Event "Challenge"]
[Site "http://www.queenalice.com/game.php?id=305129"]
[Date "2007.11.16"]
[Round "-"]
[White "marjaleta"]
[Black "stonkin"]
[Result "1-0"]
[WhiteElo "1503"]
[BlackElo "1587"]

1. e4 e5 2. Bc4 Nf6 3. d3 c6 4. a4 d5 5. exd5 cxd5 6. Bb3 b6 7. Bd2 a5 8. Ne2 h6
9. h3 Bc5 10. d4 exd4 11. Bf4 Nc6 12. c3 Nh5 13. O-O g5 14. Bg3 Bf5 15. Re1 Qf6
16. Nxd4+ Ne7 17. Be5 Qg6 18. Bxh8 Bxb1 19. Rxb1 Nf4 20. Bc2 Qh5 21. Qxh5 Nxh5
22. Nf5 Kd7 23. Bd4 Nxf5 24. Bxf5+ Kc6 25. Bxc5 bxc5 26. Re7 Rf8 27. b4 axb4 28.
cxb4 c4 29. b5+ Kd6 30. Ra7 Ng7 31. Bc2 Ne6 32. b6 Nd4 33. Bd1 c3 34. Rc7 Nc6
35. Bc2 f6 36. Rxc6+ Kxc6 37. a5 Kb7 38. Bd3 Rc8 39. a6+ Kb8 40. Bf5 1-0

[Event "Challenge"]
[Site "http://www.queenalice.com/game.php?id=306411"]
[Date "2007.11.19"]
[Round "-"]
[White "caraumar"]
[Black "marjaleta"]
[Result "0-1"]
[WhiteElo "1665"]
[BlackElo "1637"]

1. d4 d5 2. e3 Nf6 3. c4 e6 4. c5 g6 5. b4 Bd7 6. a4 Bg7 7. a5 a6 8. Nc3 O-O 9.
b5 axb5 10. Bxb5 Bxb5 11. Nxb5 Nfd7 12. Qc2 Nc6 13. Bd2 e5 14. Nf3 e4 15. Ng1 f5
16. Ne2 g5 17. O-O Nf6 18. Ng3 Qd7 19. Qd1 g4 20. Qb3 Nb8 21. Nc3 h5 22. Qxb7
Na6 23. Qb3 c6 24. Na4 Rab8 25. Nb6 Qe6 26. Ne2 Bh6 27. g3 Kh7 28. Nf4 Bxf4 29.
exf4 Nd7 30. Qd1 Rg8 31. h3 gxh3 32. Qxh5+ Kg7 33. Qxh3 Rh8 34. Qg2 Rbg8 35.
Rfe1 Nf6 36. f3 Rh6 37. Kf2 Rgh8 38. Ke3 Rh2 39. Qf1 Nxc5 40. dxc5 d4+ 41. Kxd4
Rd8+ 42. Kc3 Rhxd2 43. Red1 R2d3+ 44. Rxd3 Rxd3+ 45. Kc2 Qb3+ 46. Kc1 Rc3+ 47.
Kd2 Qc2+ 0-1

[Event "PONTUANDO 3"]
[Site "http://www.queenalice.com/game.php?id=308200"]
[Date "2007.11.22"]
[Round "-"]
[White "jw16js"]
[Black "marjaleta"]
[Result "0-1"]
[WhiteElo "1469"]
[BlackElo "1381"]

1. b3 e5 2. e4 Nf6 3. Bd3 c6 4. Nh3 d5 5. O-O Bxh3 6. gxh3 Bd6 7. Ba3 Bxa3 8.
Nxa3 Nbd7 9. c3 Nc5 10. Be2 Nfxe4 11. f3 Ng5 12. b4 Nxh3+ 13. Kg2 Nf4+ 14. Kf2
Qh4+ 15. Ke3 Ng2# 0-1

[Event "Challenge"]
[Site "http://www.queenalice.com/game.php?id=310819"]
[Date "2007.11.27"]
[Round "-"]
[White "LeoneAraujo"]
[Black "marjaleta"]
[Result "0-1"]
[WhiteElo "1346"]
[BlackElo "1611"]

1. e4 e5 2. Nf3 d6 3. Bc4 Nf6 4. Nc3 Nc6 5. Ng5 Bg4 6. Bxf7+ Ke7 7. f3 Bh5 8.
Bxh5 Nxh5 9. Nd5+ Ke8 10. f4 Nxf4 11. Nxf4 Qxg5 12. Qh5+ Qxh5 0-1

[Event "Challenge"]
[Site "http://www.queenalice.com/game.php?id=311334"]
[Date "2007.11.28"]
[Round "-"]
[White "LeoneAraujo"]
[Black "marjaleta"]
[Result "0-1"]
[WhiteElo "1307"]
[BlackElo "1628"]

1. e4 e5 2. Nf3 d6 3. Bc4 c6 4. Nc3 Nf6 5. O-O b5 6. Bb3 Bg4 7. d3 h6 8. Qe2 g5
9. h3 Bxf3 10. Qxf3 Bg7 11. Bd2 a5 0-1

[Event "Challenge"]
[Site "http://www.queenalice.com/game.php?id=311361"]
[Date "2007.11.28"]
[Round "-"]
[White "mogerio"]
[Black "marjaleta"]
[Result "0-1"]
[WhiteElo "1230"]
[BlackElo "1608"]

1. e4 e5 2. d4 exd4 3. Qxd4 Nc6 4. Qd1 d6 5. Nf3 Bg4 6. h3 Be6 7. Nc3 h6 8. Qd3
Nf6 9. Bf4 Be7 10. O-O-O O-O 11. Nh4 Nh5 12. e5 Nxf4 13. Qg3 Bxh4 14. Qxf4 Bg5
15. Qxg5 Qxg5+ 16. Kb1 dxe5 17. g3 Rad8 18. h4 Rxd1+ 19. Nxd1 Qd8 20. b4 Qxd1+
21. Kb2 Qd4+ 22. Ka3 Qxb4# 0-1

[Event "Challenge"]
[Site "http://www.queenalice.com/game.php?id=311729"]
[Date "2007.11.28"]
[Round "-"]
[White "totoro"]
[Black "marjaleta"]
[Result "0-1"]
[WhiteElo "1539"]
[BlackElo "1625"]

1. e4 e5 2. Qh5 d6 3. Qf3 Nf6 4. Bc4 c6 5. d3 h6 6. Ne2 d5 7. exd5 cxd5 8. Bb3
Be7 9. O-O Bg4 10. Qe3 Bd6 11. d4 e4 12. h3 Be6 13. Ba4+ Nc6 14. Bxc6+ bxc6 15.
Nbc3 O-O 16. f4 Bf5 17. g4 Bc8 18. g5 h5 19. gxf6 Qxf6 20. Rf2 Bf5 21. Rg2 g6
22. Kh2 Kh7 23. Ng3 Qh4 24. Qf2 Bxh3 25. Nh1 Qxf2 26. Rxf2 Bg4 27. Ng3 Rae8 28.
Be3 Bf3 29. Rg1 Rg8 30. f5 h4 31. fxg6+ Rxg6 0-1

[Event "Challenge"]
[Site "http://www.queenalice.com/game.php?id=311756"]
[Date "2007.11.28"]
[Round "-"]
[White "marjaleta"]
[Black "FENIX_RJ"]
[Result "0-1"]
[WhiteElo "1644"]
[BlackElo "1538"]

1. e4 Nf6 2. Nc3 e5 3. b3 Bb4 4. Nd5 Nxd5 5. exd5 d6 6. a3 Ba5 7. b4 Bb6 8. c3
Qf6 9. Qf3 e4 10. Qxf6 gxf6 11. d4 Bd7 12. Ne2 c5 13. Be3 Bg4 14. Nf4 Nd7 15.
Bb5 a6 16. Bxd7+ Kxd7 17. h3 Bf5 18. g4 Bg6 19. dxc5 dxc5 0-1

[Event "Challenge"]
[Site "http://www.queenalice.com/game.php?id=320079"]
[Date "2007.12.14"]
[Round "-"]
[White "marjaleta"]
[Black "stonkin"]
[Result "1-0"]
[WhiteElo "1680"]
[BlackElo "1567"]

1. e4 e5 2. Nf3 Nc6 3. b3 a6 4. Nc3 Nf6 5. d3 Bb4 6. Bb2 Bxc3+ 7. Bxc3 d6 8. h3
O-O 9. Be2 Re8 10. Bb2 d5 11. O-O dxe4 12. Nh2 Nd4 13. c3 Nxe2+ 14. Qxe2 exd3
15. Qe3 e4 16. Bc1 Nd5 17. Qd4 b6 18. c4 c5 19. Qb2 Nb4 20. Bd2 b5 21. Rfd1 Rb8
22. Nf1 Rb6 23. a3 Nc2 24. Ba5 Qd6 25. Ne3 Nxa1 26. Bxb6 Nxb3 27. Nf5 Bxf5 28.
g4 Be6 29. Bxc5 Nxc5 30. Qb4 Qb6 31. cxb5 a5 32. Qd4 Rd8 33. Qe3 Qxb5 34. Rc1
Rc8 35. Qd4 Nb3 36. Rxc8+ Bxc8 37. Qd8+ Qe8 38. Qxe8# 1-0

[Event "Let's Play Chess!"]
[Site "http://www.queenalice.com/game.php?id=322966"]
[Date "2007.12.20"]
[Round "-"]
[White "marjaleta"]
[Black "spawnwolfwolverine"]
[Result "0-1"]
[WhiteElo "1626"]
[BlackElo "1689"]

1. d4 d5 2. c4 dxc4 3. e4 b5 4. b3 e6 5. bxc4 bxc4 6. Bxc4 Ba6 7. Qd3 Bxc4 8.
Qxc4 Bd6 9. Nf3 Ne7 10. O-O O-O 11. e5 Bxe5 12. dxe5 Nd5 13. Rd1 c6 14. Nc3 a5
15. Nxd5 cxd5 16. Qd3 Nc6 17. Ba3 Nb4 18. Bxb4 axb4 19. Nd4 Qc7 20. f4 Qc3 21.
Qxc3 bxc3 22. Nc2 Rfb8 23. a3 Rb2 24. Rdc1 f6 25. Nb4 fxe5 0-1

[Event "Challenge"]
[Site "http://www.queenalice.com/game.php?id=323168"]
[Date "2007.12.20"]
[Round "-"]
[White "amaralch7"]
[Black "marjaleta"]
[Result "1-0"]
[WhiteElo "1419"]
[BlackElo "1670"]

1. e4 e5 2. Nf3 d6 3. Bb5+ c6 4. Bc4 b5 5. Be2 Be6 6. d3 h6 7. O-O Be7 8. g3 Bh3
9. Re1 Bf6 10. c3 Ne7 11. d4 Nd7 12. Kh1 Qb6 13. Be3 Qb7 14. Ng1 Be6 15. b3 d5
16. Bf3 dxe4 17. Bxe4 Bd5 18. Nd2 Bxe4+ 19. Nxe4 c5 20. Qd3 cxd4 21. f3 dxe3 22.
Nd6+ Kf8 23. Nxb7 Nb6 24. Rxe3 Ned5 25. Re4 g5 26. Qxb5 Kg7 27. Qd3 Rac8 28. Ne2
h5 29. c4 Nb4 30. Qc3 Nc6 31. Nd6 Rcd8 32. c5 Nd5 33. Qc4 Ncb4 34. a3 Ne3 35.
Qxf7+ Kh6 36. Qxf6+ Kh7 37. Nf7 Rd1+ 38. Rxd1 Nxd1 39. Nxg5+ 1-0

[Event "Let's Play Chess!"]
[Site "http://www.queenalice.com/game.php?id=329376"]
[Date "2008.1.2"]
[Round "-"]
[White "elche"]
[Black "marjaleta"]
[Result "0-1"]
[WhiteElo "1716"]
[BlackElo "1670"]

1. e4 e5 2. Nf3 d6 3. d4 Bg4 4. dxe5 Bxf3 5. Qxf3 dxe5 6. Bc4 Qf6 7. Qb3 b6 8.
Bd5 c6 9. Bg5 Qxg5 10. Bxf7+ Kd8 11. O-O Nf6 12. Qe6 Be7 13. Rd1+ Nbd7 14. Qxc6
Rc8 15. Qb7 Bc5 16. Be6 Ke7 17. Qxa7 Kxe6 0-1

[Event "Let's Play Chess!"]
[Site "http://www.queenalice.com/game.php?id=329399"]
[Date "2008.1.2"]
[Round "-"]
[White "marjaleta"]
[Black "YouLoseSorry"]
[Result "1-0"]
[WhiteElo "1605"]
[BlackElo "1545"]

1. d4 d5 2. Nf3 Nc6 3. h3 h6 4. g3 Nf6 5. Nc3 a6 6. Bg2 e6 7. Bf4 Bd6 8. Qd2 Ne4
9. Nxe4 dxe4 10. Ne5 Bxe5 11. Bxe5 f6 12. Bf4 e5 13. dxe5 fxe5 14. Qxd8+ Kxd8
15. Be3 Nd4 16. Bxd4 exd4 17. Bxe4 Re8 18. Bd3 Be6 19. f3 c5 20. c3 dxc3 21.
bxc3 c4 22. Be4 Rb8 23. Rd1+ Bd7 24. g4 Rxe4 25. fxe4 Kc7 26. Rf1 Re8 27. Rd4
Bc6 28. Rf7+ Kc8 29. Rxc4 Kd8 30. Rxg7 Bxe4 31. Rxe4 Rxe4 32. Rxb7 Re3 33. Ra7
Rxc3 34. h4 Rc4 35. Rxa6 Rxg4 36. Rxh6 Ra4 37. Kd2 Rxa2+ 38. Ke3 Ra4 39. Kf3 Rb4
40. e4 Ke7 41. Kf4 Kf7 42. Rc6 Kg7 43. h5 Kh7 44. Kf5 Rb5+ 45. e5 Kh8 46. Rc7
Rd5 47. Kf6 Kg8 48. h6 Rd4 49. e6 Rh4 50. h7+ Rxh7 51. Rxh7 Kxh7 52. Kf7 Kh6 53.
e7 Kg5 54. e8=Q Kf4 55. Kf6 Kg3 56. Qe5+ Kf3 57. Kf5 Kg2 58. Qe4+ Kg1 59. Kf4
Kh2 60. Qe2+ Kh1 61. Kf3 Kg1 62. Qg2# 1-0

[Event "Let's Play Chess!"]
[Site "http://www.queenalice.com/game.php?id=329699"]
[Date "2008.1.2"]
[Round "-"]
[White "marjaleta"]
[Black "mp3"]
[Result "0-1"]
[WhiteElo "1670"]
[BlackElo "1526"]

1. d4 d5 2. c4 dxc4 3. e4 b5 4. b3 cxb3 5. Bxb5+ Bd7 6. Qxb3 Nf6 7. Nc3 e6 8.
Nge2 Bd6 9. Bxd7+ Nbxd7 10. e5 Rb8 11. Qc2 Bb4 12. exf6 Nxf6 13. Bg5 c6 14. O-O
O-O 0-1

[Event "Let's Play Chess!"]
[Site "http://www.queenalice.com/game.php?id=330197"]
[Date "2008.1.3"]
[Round "-"]
[White "inguitar"]
[Black "marjaleta"]
[Result "0-1"]
[WhiteElo "1762"]
[BlackElo "1643"]

1. e4 e5 2. Nf3 d6 3. Bc4 Be6 4. Bxe6 fxe6 5. Nc3 Nf6 6. O-O Nbd7 7. d3 Be7 8.
Ng5 Nc5 9. Be3 h6 10. Bxc5 hxg5 11. Be3 d5 12. Bxg5 Nh5 13. Bxe7 Qxe7 14. exd5
Nf4 15. dxe6 O-O-O 16. Qg4 a6 17. Rfe1 Rh5 18. Re4 Rf8 19. Rae1 Nh3+ 20. gxh3
Rg5 21. Qxg5 Qxg5+ 22. Kh1 Rf5 23. Nd5 Rxf2 0-1

[Event "Let's Play Chess!"]
[Site "http://www.queenalice.com/game.php?id=330633"]
[Date "2008.1.4"]
[Round "-"]
[White "paddymalonespub"]
[Black "marjaleta"]
[Result "1-0"]
[WhiteElo "1615"]
[BlackElo "1705"]

1. d4 e6 2. Nf3 c5 3. e3 Nf6 4. Nc3 a6 5. Bd3 d5 6. O-O Bd6 7. e4 Be7 8. Bg5
Nfd7 9. Bxe7 Qxe7 10. exd5 O-O 11. dxe6 Qxe6 12. Be4 Nf6 13. Re1 Qd6 14. dxc5
Qxc5 15. Na4 Qa5 16. b3 Rd8 17. Qc1 Nxe4 18. Rxe4 b5 19. Nc5 Ra7 20. Qe3 Kf8 21.
Nd3 Qc7 22. Re1 Bd7 23. Nc5 Bc6 24. Re6 Bd7 25. Re7 Qd6 26. Nxd7+ Raxd7 27. Re8+
1-0

[Event "Challenge #1"]
[Site "http://www.queenalice.com/game.php?id=330979"]
[Date "2008.1.5"]
[Round "-"]
[White "Kirkland"]
[Black "marjaleta"]
[Result "1-0"]
[WhiteElo "2260"]
[BlackElo "1670"]

1. e4 d6 2. c4 e5 3. g3 c5 4. Bg2 Nf6 5. Ne2 Be6 6. d3 Nc6 7. O-O h6 8. h3 Be7
9. Be3 Nd4 10. Nbc3 O-O 11. f4 Nxe2+ 12. Nxe2 Nh7 13. f5 Bd7 14. Qd2 Bg5 15. g4
Qf6 16. Ng3 g6 17. fxg6 Qxg6 18. Nf5 Bxf5 19. exf5 Bxe3+ 20. Qxe3 Qf6 21. a3
Rab8 22. b4 b6 23. b5 Kh8 24. a4 Rg8 25. a5 h5 26. axb6 1-0

[Event "Challenge"]
[Site "http://www.queenalice.com/game.php?id=333970"]
[Date "2008.1.10"]
[Round "-"]
[White "amaralch7"]
[Black "marjaleta"]
[Result "1-0"]
[WhiteElo "1445"]
[BlackElo "1621"]

1. e4 e6 2. d4 d5 3. e5 c5 4. c3 c4 5. Nf3 a5 6. Nbd2 b5 7. b3 b4 8. Bb2 Be7 9.
bxc4 Nh6 10. h3 Bb7 11. c5 Bc6 12. Qb3 a4 13. Qxb4 Na6 14. Qa3 Qa5 15. Bd3 O-O
16. O-O Nc7 17. c4 dxc4 18. Bxc4 Bxf3 19. Nxf3 Nd5 20. c6 Bxa3 21. Bxa3 Rfc8 22.
Rab1 Rab8 23. Rxb8 1-0